000
00319nam a2200133Ia 4500
008
250520s9999 xx 000 0 und d
020
_a
9789350293997
100
_a
CAMPANA, JOSEPH
245
0
_a
DHARAVI THE CITY WITHIN
260
_b
NOIDA, HARPER COLLINS
_c
2013
300
_a
316
650
_a
General
942
_c
BK
999
_c
221286
_d
221286